| 000 | 03773nam a2200481 i 4500 | ||
|---|---|---|---|
| 003 | EG-ScBUE | ||
| 005 | 20250812084222.0 | ||
| 008 | 200219s2023 sz a f 000 0 eng d | ||
| 020 | _a9783030956363 | ||
| 040 |
_aEG-ScBUE _beng _erda _cEG-ScBUE _dEG-ScBUE |
||
| 043 | _af-ua--- | ||
| 082 | 0 | 4 |
_222 _a551.700962 _bPHA |
| 245 | 0 | 4 |
_aThe phanerozoic geology and natural resources of Egypt / _cZakaria Hamimi, Hassan Khozyem, Thierry Adatte, Fadi H. Nader, Francisca Oboh-Ikuenobe, Mohamed K. Zobaa, Haytham El Atfy, editors. |
| 264 | 1 |
_aCham : _bSpringer International Publishing , _c2023. |
|
| 300 |
_axix, 742 pages : _billustrations ; _c30 cm. |
||
| 336 |
_atext _btxt _2rdacontent |
||
| 337 |
_acomputer _bc _2rdamedia |
||
| 338 |
_aonline resource _bcr _2rdacarrier |
||
| 347 |
_atext file _bPDF _2rda |
||
| 490 | 1 |
_aAdvances in Science, Technology & Innovation, IEREK Interdisciplinary Series for Sustainable Development, _x2522-8722 |
|
| 505 | 0 | _aOverall paleogeographic and geodynamic evolution -- Major Groundwater reservoirs in Egypt -- Western Desert Petroleum sources and reservoirs -- Nile Delta Petroleum sources and reservoirs -- Gulf of Suez and Red Sea Petroleum sources and reservoirs -- Off-shore Mediterranean discoveries -- Petroleum Source Rocks of Egypt - An Integrated Palynological and Organic Geochemical Approach: Spatio-temporal studies within the Phanerozoic of Egypt -- Carbonate platform deposits and hydrocarbon potentiality -- Hydrocarbon seepage during the Messinian salinity crisis -- Rare Earth Element in Egypt -- Phanerozoic Stratabound/Stratiform Ore Deposits of Egypt. | |
| 506 | _aAccess restricted by licensing agreement. | ||
| 520 | _aThe Phanerozoic Geology and Natural Resources of Egypt includes a series of chapters written by highly qualified group of researchers whose expertise is recognized and appreciated not only in Egypt, but also in the world over. The chapters span a wide range of geological subdisciplines including tectonics, paleogeography, stratigraphy, sedimentology, paleontology, groundwater, and energy resources, just to name a few. In this regard, the book provides the reader with ample knowledge about the different facets of the fascinating and always intriguing geology of Egypt since the Precambrian time. For a junior researcher or a geoscience student, the book is a comprehensive, multidisciplinary one-stop resource that they will continue to reference and rely on for years to come. For a more experienced scientist, the book summarizes the current state of knowledge, highlights the magnitude of complexity of the geology of Egypt and northeast Africa, and reveals potential areas where future research should be directed. The book is written in simple, easy to understand English language and contains very useful high-quality illustrations. Last but not least, The Phanerozoic Geology and Natural Resources of Egypt has been reviewed and edited by world class, highly ranked geoscientists from Egypt, Europe, and USA. | ||
| 590 | _aAccess is available to the Yale community. | ||
| 650 | 7 |
_aGeology. _2BUEsh |
|
| 650 | 7 |
_aPetrology. _2BUEsh |
|
| 650 | 7 |
_aEarth sciences. _2BUEsh |
|
| 653 | _cAugust2025 | ||
| 700 | 1 |
_aHamimi, Zakaria. _eeditor. |
|
| 700 | 1 |
_aKhozyem, Hassan. _eeditor. |
|
| 700 | 1 |
_aAdatte, Thierry. _eeditor. |
|
| 700 | 1 |
_aNader, Fadi H. _eeditor. |
|
| 700 | 1 |
_aOboh-Ikuenobe, Francisca. _eeditor. |
|
| 700 | 1 |
_aZobaa, Mohamed K. _eeditor. |
|
| 700 | 1 |
_aEl Atfy, Haytham. _eeditor. |
|
| 730 | 0 | _aSpringer ENIN. | |
| 773 | 0 | _tSpringer Nature eBook | |
| 776 | 0 | 8 |
_iPrinted edition: _z9783030956363 |
| 776 | 0 | 8 |
_iPrinted edition: _z9783030956387 |
| 776 | 0 | 8 |
_iPrinted edition: _z9783030956394 |
| 942 |
_2ddc _cBB |
||
| 999 |
_c30992 _d30963 |
||